Kirjaimella U alkavien valtioiden liput - Statistics

Yleistilastot
  • Tätä visaa on pelattu 46 kertaa
  • Keskiarvotulos 6 / 6
Vastaustilastot
Kuvavisa Vastaus % Oikein
Ukraina
100%
Uusi-Seelanti
100%
Uganda
93%
Uzbekistan
93%
Unkari
90%
Uruguay
90%
Ehtoja vastaavia visoja ei löytynyt
Tulosjakauma
Jokaisen tuloksen saaneiden osuus
Persentiili vastausten määrän mukaan
Tuloshistoriasi
Et ole pelannut tätä visaa